000 00614naa a2200217 i 4500
001 68873
003 ES-MaBCM
005 20250717062542.0
008 000727s2000 fra 000 0 fre d
021 _axx
035 _a(OCoLC)1365116541
040 _cES-MaBCM
041 0 _afre
043 _afra
100 1 _aMaurice, Joel
_930268
245 1 0 _aQuelle europe sociale? défis et scénarios
_cJoel Maurice
650 2 7 _aPolítica social
_959845
650 2 4 _aUnión Europea
_952895
773 0 _aEn:
_tProblèmes économiques
_dParis : 2000
_w104496
_gnº 2.671, juin, p. 27-29. - Loc. S.428
942 _cAREV
999 _c68873
_d68873